00667nam a2200241 a 4500001001300000003000900013005001700022008004100039020000800080082002200088100001600110245003100126260003800157300000900195500003500204505001300239650002700252700001600279902000800295942000700303952010000310999001500410nice12345678IN_TiNIC20260116011457.0050524s1944 laha grp 000 0 eng  ac800a323.39710954bSUL aSuleri, Z A aRoad to Peace and Pakistan aLahorebSh. Muhammad Ashrafc1944 a127p aincludes index and biblioraphy2 aAppendix aMuslims-India-Politics1 aSuleri, Z A bSRS cBK 00104070aHMIbHMId2007-04-10g8.00l0o323.39710954 SULp00981r2007-04-10w2026-01-16yEB c1879d1879